000 00192nam a2200097Ia 4500
100 _aKumbhojkar- G.V
942 _cBK
245 _aEngineering Mathematics iv
260 _c2021
082 _a 510
999 _c35850
_d35850